Представление документа в формате RUSMARC

ПолеНазваниеЗначение
  Тип записи a
  Библиографический уровень m
001 Контрольный номер UONB/MAIN/088363d0fc0a4780a9875c1e4fd17a16
005 Дата корректировки 20250729122229.0
100 Данные общей обработки __
a Данные общей обработки 20250312d2022 u y0rusy0189 ca
101 Язык документа 0_
a Язык текста rus
102 Страна публикации __
a Страна публикации RU
105 Кодированные данные (монография) __
a Кодированные данные (монография) a z 000yy
200 Заглавие и сведения об ответственности 1_
a Заглавие Чувашские краеведы родины Ленина
h Номер части Вып. 1
i Наименование части Июнь
203 Вид содержания и тип средства __
a Вид содержания Текст
b Характеристика содержания визуальный
c Тип средства непосредственный
210 Выходные данные 1_
a Место издания [Ульяновск
c Издательство б. и.]
d Дата издания 2022
215 Физическое описание __
a Объем 16 с.
d Формат 20 см
c Иллюстрации/тип воспроизводства ил., фот.
606 Тематические рубрики 0_
a Основная рубрика Краеведение
y Географическая подрубрика Чувашия
610 Ключевые слова 0_
a Ключевые слова краеведы чувашские в Ульяновске; краеведение; чувашские краеведы
686 Индексы других классификаций __
2 Код системы rubbk
a Классификационный индекс 26.890(2Рос.Чув)
686 Индексы других классификаций __
a Классификационный индекс 63.3(2Рос.Чув)-8
2 Код системы rubbk
801 Источник записи _0
a Страна RU
b Организация Ульяновская ОНБ
c Дата составления 20250312
g Правила каталогизации RCR
801 Источник записи _1
a Страна RU
b Организация Ульяновская ОНБ
c Дата составления 20250312
g Правила каталогизации RCR
900 Электронные ресурсы __
a Имя электронного ресурса 325ц0110
901 Тип документа __
t Тип документа m
909 Создатель записи __
a Создатель записи Егорова Э. А.
b Дата создания записи 20250312
910 Корректоры записи __
a Корректор записи Пряхина
b Дата внесения изменения в запись 20250729